[Event "Thematic B78/22: Sicilian dragon, Yug. attack, Bc4"]
[Site "SchemingMind.com"]
[Date "2006.02.28"]
[Round "-"]
[White "capablanca"]
[Black "Julio Fuentes"]
[Result "0-1"]
[WhiteCountry "GER"]
[BlackCountry "CHI"]
[WhiteElo "1586"]
[WhiteRD "67"]
[BlackElo "1827"]
[BlackRD "78"]
[GameID "40736"]

1. e4 c5 2. Nf3 d6 3. d4 cxd4 4. Nxd4 Nf6 5. Nc3 g6 6. Be3 Bg7 7. f3 Nc6 8. Qd2 O-O 9. Bc4 Ne5 10. Bb3 Bd7
11. O-O-O a5 12. a3 Rc8 13. Ba4 Nc4 14. Qe2 Nxe3 15. Qxe3 Rxc3 16. Qxc3 Bxa4 17. Qc4 Qd7 18. b3 Bc6 19. Nxc6 Qxc6 20. Qxc6 bxc6
21. Rhe1 Rb8 22. e5 dxe5 23. Rxe5= Nd5 24. Rexd5 cxd5 25. Rxd5 Ra8 26. c4 Kf8 27. Kc2 e6 28. Rd2 Ke8 29. b4 axb4 30. axb4 Ra2+
0-1

[Event "Thematic B78/22: Sicilian dragon, Yug. attack, Bc4"]
[Site "SchemingMind.com"]
[Date "2006.02.28"]
[Round "-"]
[White "capablanca"]
[Black "jenricks"]
[Result "0-1"]
[WhiteCountry "GER"]
[BlackCountry "ENG"]
[WhiteElo "1586"]
[WhiteRD "67"]
[BlackElo "2158"]
[BlackRD "69"]
[GameID "40737"]

1. e4 c5 2. Nf3 d6 3. d4 cxd4 4. Nxd4 Nf6 5. Nc3 g6 6. Be3 Bg7 7. f3 Nc6 8. Qd2 O-O 9. Bc4 Nxd4 10. Bxd4 Qc7
11. Bb3 Be6 12. Bxe6 fxe6 13. O-O Rac8 14. Rac1 Qa5 15. a3 Nd7 16. Bxg7 Kxg7 17. Qe3 Nb6 18. Qd4+ e5 19. Qb4 Qxb4 20. axb4 Nc4
21. Nd1 e6 22. c3 d5 23. b3 Nd6 24. exd5 exd5 25. Re1 e4 26. fxe4 Nxe4 27. c4 Nd2 28. Re7+ Kh6 29. Ne3 Nxb3 30. Rc3 dxc4
31. Rxc4 Rxc4 32. Nxc4 Rf4
0-1

[Event "Thematic B78/22: Sicilian dragon, Yug. attack, Bc4"]
[Site "SchemingMind.com"]
[Date "2006.03.01"]
[Round "-"]
[White "capablanca"]
[Black "mkefeli"]
[Result "0-1"]
[WhiteCountry "GER"]
[BlackCountry "TUR"]
[WhiteElo "1586"]
[WhiteRD "67"]
[BlackElo "1866"]
[BlackRD "88"]
[GameID "40738"]

1. e4 c5 2. Nf3 d6 3. d4 cxd4 4. Nxd4 Nf6 5. Nc3 g6 6. Be3 Bg7 7. f3 Nc6 8. Qd2 O-O 9. Bc4 Bd7 10. O-O-O Qa5
11. Nxc6 bxc6 12. Ne2 Qxd2+ 13. Rxd2 Be6 14. Bxe6 fxe6 15. Nd4 Kf7 16. Nxc6 a5 17. Rd3 Rfc8 18. Nd4 Nd7 19. b3 a4 20. Rhd1 Nc5
21. R3d2 axb3 22. axb3 Bxd4
0-1

[Event "Thematic B78/22: Sicilian dragon, Yug. attack, Bc4"]
[Site "SchemingMind.com"]
[Date "2006.02.28"]
[Round "-"]
[White "Gary"]
[Black "capablanca"]
[Result "1/2-1/2"]
[WhiteCountry "ENG"]
[BlackCountry "GER"]
[WhiteElo "1513"]
[WhiteRD "66"]
[BlackElo "1590"]
[BlackRD "58"]
[GameID "40739"]

1. e4 c5 2. Nf3 d6 3. d4 cxd4 4. Nxd4 Nf6 5. Nc3 g6 6. Be3 Bg7 7. f3 Nc6 8. Qd2 O-O 9. Bc4 Bd7 10. O-O a6
11. a4 Ne5 12. Be2 Rc8 13. b3 Qa5 14. Nd5 Qxd2 15. Bxd2 Nxd5 16. exd5 Nxf3+ 17. Nxf3 Bxa1 18. Rxa1 Rxc2 19. Rc1 Rfc8 20. Rxc2 Rxc2
21. Bd3 Rc8 22. Kf2 e6 23. Bc4 e5 24. Bg5 Re8 25. Bf6 b5 26. axb5 axb5 27. Be2 Ra8 28. Be7 Ra6 29. Nd2 f5 30. Ke3 Kf7
31. Bh4 h6 32. Be1 g5= 33. h3 Rb6 34. g3 f4+ 35. gxf4 gxf4+ 36. Ke4 Bxh3 37. Bf2 Rb8 38. Bh5+ Ke7 39. Bh4+ Kf8 40. Be2 Kf7
41. Bh5+ Kf8=
1/2-1/2

[Event "Thematic B78/22: Sicilian dragon, Yug. attack, Bc4"]
[Site "SchemingMind.com"]
[Date "2006.02.28"]
[Round "-"]
[White "Erhaem"]
[Black "capablanca"]
[Result "1-0"]
[WhiteCountry "NED"]
[BlackCountry "GER"]
[WhiteElo "2032"]
[WhiteRD "51"]
[BlackElo "1615"]
[BlackRD "64"]
[GameID "40740"]

1. e4 c5 2. Nf3 d6 3. d4 cxd4 4. Nxd4 Nf6 5. Nc3 g6 6. Be3 Bg7 7. f3 Nc6 8. Qd2 O-O 9. Bc4 Bd7 10. O-O-O Ne5
11. Bb3 a6 12. Bh6 Rc8 13. Bxg7 Kxg7 14. f4 Nc4 15. Bxc4 Rxc4 16. e5 dxe5 17. fxe5 Ne8 18. e6 Bc8 19. Nf5+
1-0

[Event "Thematic B78/22: Sicilian dragon, Yug. attack, Bc4"]
[Site "SchemingMind.com"]
[Date "2006.02.28"]
[Round "-"]
[White "doodledandy"]
[Black "capablanca"]
[Result "1-0"]
[WhiteCountry "CAN"]
[BlackCountry "GER"]
[WhiteElo "2369"]
[WhiteRD "65"]
[BlackElo "1615"]
[BlackRD "64"]
[GameID "40741"]

1. e4 c5 2. Nf3 d6 3. d4 cxd4 4. Nxd4 Nf6 5. Nc3 g6 6. Be3 Bg7 7. f3 Nc6 8. Qd2 O-O 9. Bc4 Bd7 10. O-O-O Na5
11. Bb3 Nxb3+ 12. cxb3 Rc8 13. Kb1 a6 14. g4 Bc6 15. Nxc6 Rxc6 16. h4 Nd7 17. h5 Qc8 18. Nd5 Re8 19. Qh2 Ne5 20. hxg6 fxg6
21. Qxh7+ Kf7 22. Bh6
1-0

[Event "Thematic B78/22: Sicilian dragon, Yug. attack, Bc4"]
[Site "SchemingMind.com"]
[Date "2006.02.28"]
[Round "-"]
[White "Julio Fuentes"]
[Black "capablanca"]
[Result "1-0"]
[WhiteCountry "CHI"]
[BlackCountry "GER"]
[WhiteElo "1827"]
[WhiteRD "78"]
[BlackElo "1586"]
[BlackRD "67"]
[GameID "40742"]

1. e4 c5 2. Nf3 d6 3. d4 cxd4 4. Nxd4 Nf6 5. Nc3 g6 6. Be3 Bg7 7. f3 Nc6 8. Qd2 O-O 9. Bc4 Bd7 10. O-O Ne5
11. Bb3 Rc8 12. Rad1 a6 13. Rfe1 Nc4 14. Bxc4 Rxc4 15. Nb3 Be6 16. e5 Ne8 17. exd6 Qxd6 18. Qf2 Qb8 19. Nd5 Bxd5 20. Rxd5 Bxb2
21. Ba7 Qc8 22. Rxe7 Rxc2 23. Rc5 Rxf2 24. Rxc8 Nd6 25. Rcc7 Ba3 26. Bxf2 Nb5 27. Rxb7 Bxe7 28. Rxe7 Ra8 29. a4 Nc3 30. Nc5 Kf8
31. Re5 Na2 32. Be1
1-0

[Event "Thematic B78/22: Sicilian dragon, Yug. attack, Bc4"]
[Site "SchemingMind.com"]
[Date "2006.02.28"]
[Round "-"]
[White "jenricks"]
[Black "capablanca"]
[Result "1-0"]
[WhiteCountry "ENG"]
[BlackCountry "GER"]
[WhiteElo "1970"]
[WhiteRD "66"]
[BlackElo "1599"]
[BlackRD "61"]
[GameID "40743"]

1. e4 c5 2. Nf3 d6 3. d4 cxd4 4. Nxd4 Nf6 5. Nc3 g6 6. Be3 Bg7 7. f3 Nc6 8. Qd2 O-O 9. Bc4 Bd7 10. Nxc6 Bxc6
11. O-O-O a6 12. e5 dxe5 13. Rhe1 Qxd2+ 14. Rxd2 e4 15. fxe4 Nxe4 16. Nxe4 Bxe4 17. Bg5 Bc6 18. Rxe7 Rae8 19. Rxe8 Rxe8= 20. Rf2 Re5
21. Bxf7+ Kh8 22. Bd2 Re4 23. Bb3 h5 24. h3 Bd4 25. Rf8+ Kg7 26. Rf7+ Kh8 27. c3 Be3 28. Bc2 Bxd2+ 29. Kxd2 Re6 30. g3 Kg8
31. Rc7 Kf8 32. h4 Rf6 33. Bd3 Re6 34. c4 Rd6 35. c5 Re6 36. b4 Re7 37. Rxe7
1-0

[Event "Thematic B78/22: Sicilian dragon, Yug. attack, Bc4"]
[Site "SchemingMind.com"]
[Date "2006.02.28"]
[Round "-"]
[White "mkefeli"]
[Black "capablanca"]
[Result "1-0"]
[WhiteCountry "TUR"]
[BlackCountry "GER"]
[WhiteElo "1866"]
[WhiteRD "88"]
[BlackElo "1586"]
[BlackRD "67"]
[GameID "40744"]

1. e4 c5 2. Nf3 d6 3. d4 cxd4 4. Nxd4 Nf6 5. Nc3 g6 6. Be3 Bg7 7. f3 Nc6 8. Qd2 O-O 9. Bc4 Bd7 10. O-O-O Ne5
11. Bb3 a6 12. h4 Rc8 13. h5 Nxh5 14. g4 Nf6 15. Bh6 Nc4 16. Bxc4 Rxc4 17. Nf5 Bxf5 18. exf5 Qd7 19. Bxg7 Kxg7 20. Qh6+ Kg8
21. Nd5 Rxc2+ 22. Kxc2 Rc8+ 23. Kb1 Qc6 24. Nxe7+
1-0